Danse avec les stars - Candidats footballeurs - Statistiques

Statistiques générales
  • Ce quiz a été pris 77 fois
  • Le résultat moyen est 3 sur 5
Statistiques - réponses
Partenaires Saisons Footeux % Correct
Ana Riera Saison 14 Adil Rami
95%
Candice Pascal Saison 14 Frank Lebœuf
74%
Katrina Patchett Saison 9 Basile Boli
49%
Silvia Notargiacomo Saison 6 Djibril Cissé
46%
Silvia Notargiacomo Saison 1 David Ginola
41%
Aucun quiz correspondant
Distribution des résultats
% des personnes avec chaque résultat
Percentile par nombre de réponses
Votre historique - résultats
Vous n’avez pas pris ce quiz